[Event "SVK-ch U10"]
[Site "Lubovna"]
[Date "2013.04.08"]
[Round "3"]
[White "Gzib, David"]
[Black "Mazak, Patrik"]
[Result "1-0"]
[WhiteElo "1209"]
[BlackElo "1000"]
[PlyCount "119"]
[EventDate "2013.04.06"]
[EventType "swiss"]
[EventRounds "9"]
[EventCountry "SVK"]
[SourceTitle "CBM 153 Extra"]
[Source "ChessBase"]
[SourceDate "2013.04.22"]
[SourceVersion "1"]
[SourceVersionDate "2013.04.22"]
[SourceQuality "1"]

1. e4 e5 2. Nf3 Nc6 3. Bc4 Bc5 4. c3 Nf6 5. d4 exd4 6. cxd4 Bb6 7. Nc3 d6 8. d5 Ne7 9. 0-0 Bg4 10. Qd3 Ng6 11. Bg5 h6 12. Bb5+ Kf8 13. Bxf6 Qxf6 14. Rae1 a6 15. Bc4 Bxf3 16. Qxf3 Qxf3 17. gxf3 Ne5 18. Be2 g5 19. Kg2 h5 20. Rg1 Rg8 21. Kf1 c6 22. h3 cxd5 23. Nxd5 Bd4 24. b3 b5 25. f4 gxf4 26. Rxg8+ Kxg8 27. Nxf4 h4 28. Ng2 b4 29. Nxh4 a5 30. f4 Nd7 31. Rd1 Bf6 32. Nf5 Ra6 33. Rxd6 Rxd6 34. Nxd6 Nc5 35. Bc4 Ne6 36. Bxe6 fxe6 37. Nb7 e5 38. fxe5 Bxe5 39. Nxa5 Bd6 40. Nc4 Be7 41. Ke2 Kf7 42. Kf3 Kf6 43. Kg4 Kg6 44. h4 Bxh4 45. Kxh4 Kf6 46. Kg4 Ke6 47. Kg5 Ke7 48. Kf5 Ke8 49. Ke6 Kd8 50. Kf7 Kd7 51. e5 Kc6 52. e6 Kd5 53. e7 Ke4 54. e8Q+ Kf4 55. Qe3+ Kf5 56. Nd6+ Kg4 57. Qf2 Kg5 58. Qg3+ Kh5 59. Ne4 Kh6 60. Qh2# 1-0